| 000 | 01146cam a2200265 4500 | ||
|---|---|---|---|
| 001 | ABS63998 | ||
| 008 | 000000n2001 000 0 eng u | ||
| 035 | _a(Sirsi) u112758 | ||
| 100 | _aNorwood, G | ||
| 245 | _aDot.coms beckon firms into the office | ||
| 260 | _c2001 | ||
| 490 |
_aEstates Gazette _v(0118) 5 May 2001, 158-159(2) |
||
| 520 | _aIntroduces Office Interiors Online (OIOL.com), a new business-to-business project management service for the commercial office sector. OIOL.com offers office managers help with space planning, finding new office locations, managing the move, and buying office equipment and furniture. OIOL.com already has DTZ on board, but is more likely to succeed with support from other key players such as King Sturge and Knight Frank. OIOL.com's closest rival in the UK is Asite. | ||
| 590 | _aABS | ||
| 650 | _aMANAGEMENT-PROJECT MANAGEMENT | ||
| 650 | _aOFFICE SPACE | ||
| 650 | _aOFFICE SECTOR | ||
| 650 | _aE-COMMERCE | ||
| 650 | _aSPACE PLANNING | ||
| 650 | _aOFFICE FURNITURE | ||
| 650 | _aWEBSITES | ||
| 650 | _aOIOL.COM | ||
| 690 | _aINFORMATION TECHNOLOGY-INTERNET | ||
| 942 | _n0 | ||
| 999 |
_c67139 _d67139 |
||